Olympischer Medaillenspiegel - Turnen - Statistiken

Allgemein
  • Dieses Quiz wurde 128 mal gespielt
    59 seit der letzten Aktualisierung
  • Das Durchschnittsergebnis liegt bei 12 aus 15
Antwortstatistiken
Gesamt Gold Silber Bronze Land % Korrekt
36 6 13 17 DDR
100%
22 3 10 9 Frankreich
98%
34 11 13 10 Tschechoslowakei
98%
130 42 45 43 Vereinigte Staaten
98%
78 31 26 21 China
94%
42 15 13 14 Deutschland
94%
32 15 7 10 Italien
92%
107 36 34 37 Japan
92%
43 10 15 18 Russland
92%
182 72 67 43 Sowjetunion
75%
18 9 5 4 Vereintes Team
75%
71 25 20 26 Rumänien
55%
40 15 11 14 Ungarn
53%
49 16 19 14 Schweiz
41%
25 8 5 12 Finnland
25%
Keine übereinstimmenden Quizze gefunden
Verteilung der Resultate
Anzahl Personen mit jedem Resultat
Perzentil nach korrekt beantworteten Fragen
Ihre Resultats-Entwicklung
Sie haben dieses Quiz seit der letzten Aktualisierung nicht gespielt